Peace Processes and Peace Accords /
Shranjeno v:
| Glavni avtor: | |
|---|---|
| Format: | Knjiga |
| Jezik: | angleščina |
| Izdano: |
Nueva Delhi, India :
Sage,
2005, c2005
|
| Serija: | (South Asia Peace Studies ;
2) |
| Teme: | |
| Oznake: |
Brez oznak, prvi označite!
|
MARC
| LEADER | 00000nam^a2200000^a^4500 | ||
|---|---|---|---|
| 001 | 000191873 | ||
| 005 | 20250521000000.0 | ||
| 009 | 20260310102542.981 | ||
| 020 | |a 81-7829-533-4 | ||
| 037 | |a Acervo ITESO - Biblioteca | ||
| 041 | |a ING | ||
| 082 | |a 327. 1700954 |b DAS | ||
| 100 | |a Das, Samir Kumar |e (ed.) | ||
| 245 | 1 | 0 | |a Peace Processes and Peace Accords / |c Ed. y pref. de S.K. Das ; introd. de Shibashis Chatterjee, Paula Banerjee, Parimal Ghosh. |
| 264 | 4 | |a Nueva Delhi, India : |b Sage, |c 2005, c2005 | |
| 300 | |a 315 p. | ||
| 336 | |a texto |b txt |2 rdacontenido | ||
| 337 | |a sin mediación |b n |2 rdamedio | ||
| 338 | |a volumen |b nc |2 rdasoporte | ||
| 440 | 1 | |a (South Asia Peace Studies ; |v 2) | |
| 649 | |a XX | ||
| 650 | |a Naga (Grupo Etnico) - |z India - |x Condiciones Políticas | ||
| 650 | |a Chakma (Grupo Etnico) - |z Chitaggong, Bangladesh - |x Condiciones Políticas | ||
| 650 | |a Minorías - |z Chitaggong, Bangladesh - |x Condiciones Políticas | ||
| 650 | |a Pacificación - |z Sri Lanka | ||
| 650 | |a Pacificación - |z Asia del Sur - |x Tema Principal | ||
| 650 | |a Crímenes de Guerra - |z Bangladesh | ||
| 650 | |a Guerra Civil - |z Andhra Pradesh, India | ||
| 650 | |a Guerra Civil - |z Cachemira (Región) | ||
| 650 | |a Guerra Civil - |z Sri Lanka | ||
| 650 | |a Conflictos Territoriales - |z Israel | ||
| 650 | |a Conflictos Territoriales - |z Palestina | ||
| 650 | |a Conflictos Internacionales | ||
| 650 | |a Guerra y Paz - |z Andhra Pradesh, India | ||
| 650 | |a Guerra y Paz - |z Bangladesh | ||
| 650 | |a Guerra y Paz - |z Cachemira (Región) | ||
| 650 | |a Guerra y Paz - |z Israel | ||
| 650 | |a Guerra y Paz - |z Palestina | ||
| 650 | |a Guerra y Paz - |z Sri Lanka | ||
| 650 | |a Guerra y Paz - |z Asia del Sur | ||
| 650 | |a Violencia Política - |z Asia del Sur | ||
| 650 | |a Proceso Político | ||
| 650 | |a Identidad Cultural | ||
| 650 | |a Nacionalismo | ||
| 650 | |a Territorio Nacional | ||
| 650 | |a Relaciones Internacionales - |z India-Nepal | ||
| 650 | |a Relaciones Internacionales - |z India-Pakistán | ||
| 650 | |a Sociología Política | ||
| 650 | |a Política - |z India - |x Historia - |y Indira Gandhi, 1966-1977 | ||
| 650 | |a Política - |z India - |x Historia - |y Siglo XX | ||
| 650 | |a Política - |z Asia del Sur | ||
| 910 | |a Fondo General | ||
| 920 | |a Impresos - Libros | ||
| 930 | |a Colección General | ||
| 905 | |a 101 | ||
| 901 | |a 0500135355 |b IT1 |c ACC |u 20250521 | ||
| 901 | |a 0500135358 |b IT1 |c ACC |u 20250521 | ||
| 902 | |a https://opac.biblio.iteso.mx/vufind/Record/000191873 | ||